000 00632nam a2200205 a 4500
003 DO-SdBNP
005 20230207093741.0
007 ta
008 190807s1993 000 spa d
040 _aDO-SdBNP
_bspa
_cBNPHU
082 _222
_a639.342
_bC389ia
100 1 _aPugibet Bobea, Enrique
_976551
245 1 0 _aCédulas informativas /
_crecopilado por Enrique Pugibet Bobea, Mónica B. Vega
260 _aSanto Domingo :
_bAcuario Nacional,
_bAmalba,
_c1993.
300 _a111 p. ;
_c23 cm
590 _aInventariado, 2020 / DG
700 1 _aVega, Mónica B.
_917984
910 _aInventariado, 2020 / DG
942 _2ddc
_cLF1
999 _c48759
_d48759